[Event "Asia-ch (Women)"]
[Site "Al Ain"]
[Date "2025.05.15"]
[Round "9"]
[White "Dorokhina, Elizaveta"]
[Black "Pragnya, HG."]
[Result "1-0"]
[WhiteElo "2135"]
[BlackElo "1929"]
[PlyCount "159"]
[EventDate "2025.05.07"]
[EventType "swiss"]
[EventRounds "9"]
[EventCountry "UAE"]
[SourceTitle "CB21_2025"]
[SourceDate "2025.05.21"]
[SourceVersion "1"]
[SourceVersionDate "2025.05.21"]
[SourceQuality "1"]

1. d4 Nf6 2. c4 e6 3. Nc3 d5 4. cxd5 exd5 5. Bg5 Be7 6. e3 c6 7. Bd3 h6 8. Bh4 Nbd7 9. Qc2 a5 10. Nge2 0-0 11. 0-0 Nh5 12. Bxe7 Qxe7 13. Rac1 Rb8 14. Na4 Nhf6 15. Qd2 Ra8 16. b3 Re8 17. Nf4 Qd6 18. Bf5 b5 19. Bxd7 Nxd7 20. Nc5 Nb6 21. Qc3 b4 22. Qc2 Ra7 23. Rfe1 Rc7 24. Qe2 Nd7 25. Nxd7 Rxd7 26. Qc2 Bb7 27. Nd3 Rc7 28. Qc5 Qxc5 29. Rxc5 Ra8 30. Rec1 Rcc8 31. R5c2 Rc7 32. Nc5 Bc8 33. Na4 Ra6 34. f3 Kf8 35. Kf2 Ke7 36. Rc5 Kd6 37. e4 Be6 38. Ke3 f6 39. Nb2 Bf7 40. Nd3 Ra8 41. e5+ fxe5 42. dxe5+ Kd7 43. Kd4 g5 44. f4 gxf4 45. Nxf4 Ra6 46. Re1 Be6 47. Rf1 a4 48. Nxe6 Kxe6 49. Rf6+ Kd7 50. Rxd5+ cxd5 51. Rxa6 a3 52. Rxh6 Rc2 53. Kxd5 Rxa2 54. e6+ Ke8 55. Rh8+ Ke7 56. Rh7+ Ke8 57. Ra7 Rxg2 58. h4 Rd2+ 59. Kc4 Re2 60. Kxb4 a2 61. h5 Rh2 62. Kc3 Rh3+ 63. Kd4 Rxh5 64. Rxa2 Ke7 65. Ra6 Rh4+ 66. Kc5 Rh5+ 67. Kb4 Rh4+ 68. Ka5 Rh5+ 69. Ka4 Rh4+ 70. b4 Rh1 71. Rc6 Rh5 72. b5 Rh8 73. Ka5 Rb8 74. Ka6 Ra8+ 75. Kb7 Rh8 76. b6 Kf6 77. Ka7 Rh1 78. b7 Ra1+ 79. Ra6 Rb1 80. b8Q 1-0

[Event "Asia-ch (Women)"]
[Site "Al Ain"]
[Date "2025.05.09"]
[Round "3"]
[White "Pragnya, HG."]
[Black "Donchenko, Ekaterina"]
[Result "1/2-1/2"]
[WhiteElo "1929"]
[BlackElo "2154"]
[PlyCount "40"]
[EventDate "2025.05.07"]
[EventType "swiss"]
[EventRounds "9"]
[EventCountry "UAE"]
[SourceTitle "CB21_2025"]
[SourceDate "2025.05.21"]
[SourceVersion "1"]
[SourceVersionDate "2025.05.21"]
[SourceQuality "1"]

1. e4 e6 2. d4 d5 3. e5 c5 4. c3 Nc6 5. Nf3 Bd7 6. Be2 Rc8 7. 0-0 a6 8. a3 cxd4 9. cxd4 Nge7 10. Nc3 Nf5 11. Be3 Be7 12. Bd3 Nxe3 13. fxe3 0-0 14. Kh1 f6 15. exf6 Bxf6 16. Qc2 h6 17. Qe2 Be8 18. Bc2 Rc7 19. Qd3 g5 20. Rf2 Rg7 1/2-1/2

[Event "Titled Tuesday intern op 06th May Early"]
[Site "Chess.com INT"]
[Date "2025.05.06"]
[Round "2"]
[White "Chor, Kevin"]
[Black "Pragnya, HG."]
[Result "1-0"]
[WhiteElo "1966"]
[BlackElo "1929"]
[PlyCount "117"]
[EventDate "2025.05.06"]
[EventType "swiss (blitz)"]
[EventRounds "11"]
[EventCountry "USA"]
[SourceTitle "CB20_2025"]
[SourceDate "2025.05.14"]
[SourceVersion "1"]
[SourceVersionDate "2025.05.14"]
[SourceQuality "1"]

1. d4 Nf6 2. Nf3 d5 3. c4 e6 4. g3 c6 5. Qc2 Bd6 6. Bg2 0-0 7. 0-0 Nbd7 8. Nc3 b6 9. e4 dxe4 10. Nxe4 Nxe4 11. Qxe4 Bb7 12. Bg5 Nf6 13. Qe2 h6 14. Be3 c5 15. Rfd1 Qc7 16. Rac1 a6 17. b4 Rad8 18. dxc5 bxc5 19. Rxd6 Rxd6 20. Bxc5 Ne4 21. Bxd6 Qxd6 22. c5 Qd5 23. Rd1 Nc3 24. Rxd5 Nxe2+ 25. Kf1 Bxd5 26. Kxe2 Bxa2 27. Ne5 Re8 28. Bb7 Rb8 29. c6 Bd5 30. c7 Rxb7 31. c8Q+ Kh7 32. Nd7 Kg6 33. Nf8+ Kf6 34. Qc3+ e5 35. Qc5 Be6 36. Nxe6 fxe6 37. Ke3 Rb5 38. Qf8+ Kg6 39. Ke4 Rxb4+ 40. Kxe5 Rb5+ 41. Kxe6 Rb6+ 42. Kd7 Rb7+ 43. Kc6 Rb5 44. Qa8 Rf5 45. f4 Rf6+ 46. Kd5 Rf5+ 47. Ke4 Rf6 48. Qe8+ Kh7 49. g4 Rb6 50. h4 Rb4+ 51. Ke5 Rb5+ 52. Kd6 Rb6+ 53. Kc7 Rb4 54. Qe5 Rb5 55. Qe4+ Kg8 56. g5 hxg5 57. hxg5 Rc5+ 58. Kb6 Rc1 59. Kxa6 1-0

[Event "Titled Tuesday intern op 06th May Early"]
[Site "Chess.com INT"]
[Date "2025.05.06"]
[Round "1"]
[White "Pragnya, HG."]
[Black "Sadubayev, Airat"]
[Result "0-1"]
[WhiteElo "1929"]
[BlackElo "2211"]
[PlyCount "98"]
[EventDate "2025.05.06"]
[EventType "swiss (blitz)"]
[EventRounds "11"]
[EventCountry "USA"]
[SourceTitle "CB20_2025"]
[SourceDate "2025.05.14"]
[SourceVersion "1"]
[SourceVersionDate "2025.05.14"]
[SourceQuality "1"]

1. e4 c6 2. d4 d5 3. Nc3 dxe4 4. Nxe4 Nf6 5. Nxf6+ exf6 6. c3 Bd6 7. Bd3 0-0 8. Ne2 Re8 9. Qc2 h5 10. Bd2 Nd7 11. 0-0-0 Nf8 12. Ng3 Be6 13. Kb1 g6 14. Ne4 Be7 15. h3 b5 16. Nc5 Bxc5 17. dxc5 Qd5 18. b3 Qxg2 19. Be3 Bd5 20. Rhg1 Qxh3 21. Rg3 Qe6 22. Rdg1 Be4 23. Bd4 Bxd3 24. Qxd3 Qe4 25. Bxf6 Nh7 26. Bd4 Qxd3+ 27. Rxd3 Rad8 28. Rgg3 Rd5 29. Rge3 Rxe3 30. Rxe3 Kf8 31. Be5 Rd7 32. Bd6+ Kg7 33. Re8 Ng5 34. Rc8 Ne6 35. Rxc6 h4 36. Be5+ Kh6 37. Rd6 Rxd6 38. Bxd6 Nd8 39. a4 bxa4 40. b4 g5 41. c4 f5 42. b5 f4 43. c6 Ne6 44. c5 h3 45. b6 axb6 46. cxb6 h2 47. b7 h1Q+ 48. Ka2 Qd5+ 49. Ka1 Qxd6 0-1

[Event "Bengaluru Namma op 2nd"]
[Site "Bengaluru"]
[Date "2025.04.10"]
[Round "1"]
[White "Sathvik, Adiga"]
[Black "Pragnya, HG."]
[Result "1-0"]
[WhiteElo "2390"]
[BlackElo "2011"]
[PlyCount "79"]
[EventDate "2025.04.10"]
[EventType "swiss"]
[EventRounds "10"]
[EventCountry "IND"]
[SourceTitle "CB18_2025"]
[SourceDate "2025.04.30"]
[SourceVersion "1"]
[SourceVersionDate "2025.04.30"]
[SourceQuality "1"]

1. e4 c5 2. Nf3 d6 3. d4 cxd4 4. Nxd4 Nf6 5. Nc3 a6 6. Be3 e6 7. a3 Be7 8. f3 h5 9. Bc4 Qc7 10. Bb3 Nc6 11. Nxc6 bxc6 12. Bf4 e5 13. Bg5 Be6 14. 0-0 0-0 15. Kh1 g6 16. Qe2 Nh7 17. Bh6 Rfd8 18. Rad1 Bxb3 19. cxb3 Ng5 20. f4 exf4 21. Rxf4 Ne6 22. Rf2 Bf8 23. Bxf8 Rxf8 24. Rdf1 Qb6 25. Rd1 Rad8 26. b4 Qa7 27. Qd2 Qe7 28. Qd3 Nc7 29. Qc4 d5 30. Qxc6 dxe4 31. Re1 Rd6 32. Qc4 e3 33. Rf3 Re6 34. Nd1 Rd8 35. h3 e2 36. Nc3 Nb5 37. Nd5 Qg5 38. Nf4 Rd4 39. Nxe6 Rxc4 40. Nxg5 1-0

[Event "Titled Tuesday intern op 04th Mar Early"]
[Site "Chess.com INT"]
[Date "2025.03.04"]
[Round "2"]
[White "Pragnya, HG."]
[Black "Meduri, Aakaash"]
[Result "1-0"]
[WhiteElo "1998"]
[BlackElo "2049"]
[PlyCount "63"]
[EventDate "2025.03.04"]
[EventType "swiss (blitz)"]
[EventRounds "11"]
[EventCountry "USA"]
[SourceTitle "CB11_2025"]
[SourceDate "2025.03.12"]
[SourceVersion "1"]
[SourceVersionDate "2025.03.12"]
[SourceQuality "1"]

1. c4 f5 2. Nc3 Nf6 3. d3 e5 4. Bg5 d6 5. g3 Be7 6. Bg2 0-0 7. Bxf6 Bxf6 8. Nf3 Nc6 9. 0-0 Be6 10. Nd5 Bxd5 11. cxd5 Ne7 12. e4 Qd7 13. Bh3 g6 14. d4 Qb5 15. dxe5 dxe5 16. exf5 gxf5 17. d6 Rad8 18. dxe7 Rxd1 19. exf8Q+ Kxf8 20. Raxd1 e4 21. Nd4 Qxb2 22. Nxf5 Qxa2 23. Rd7 Qa5 24. Rfd1 b5 25. Nh6 Be7 26. Nf5 Bf6 27. Rxh7 b4 28. Rdd7 Qa2 29. Nh6 a5 30. Rdf7+ Ke8 31. Bd7+ Kd8 32. Rf8# 1-0

[Event "Titled Tuesday intern op 04th Mar Early"]
[Site "Chess.com INT"]
[Date "2025.03.04"]
[Round "4"]
[White "Pragnya, HG."]
[Black "Skliarov, Viktor"]
[Result "0-1"]
[WhiteElo "1998"]
[BlackElo "2340"]
[PlyCount "100"]
[EventDate "2025.03.04"]
[EventType "swiss (blitz)"]
[EventRounds "11"]
[EventCountry "USA"]
[SourceTitle "CB11_2025"]
[SourceDate "2025.03.12"]
[SourceVersion "1"]
[SourceVersionDate "2025.03.12"]
[SourceQuality "1"]

1. d4 Nf6 2. Bg5 Ne4 3. Bf4 c5 4. c3 Qb6 5. Qb3 cxd4 6. Qxb6 axb6 7. cxd4 Nc6 8. Nc3 Nxd4 9. Nxe4 Nc2+ 10. Kd2 Nxa1 11. Nc3 b5 12. Nxb5 Rxa2 13. Kc3 d6 14. e4 g5 15. Be3 Bg7+ 16. Bd4 Bxd4+ 17. Nxd4 0-0 18. Bc4 Ra8 19. Ngf3 g4 20. Nd2 Bd7 21. Nb1 Rfc8 22. Na3 Rxa3+ 23. bxa3 b5 24. Rxa1 Rxc4+ 25. Kd3 Ra4 26. Nc2 Be6 27. Nb4 Bc4+ 28. Kd4 e5+ 29. Kc3 Kf8 30. Nc2 Ke7 31. Ne3 Be6 32. f3 b4+ 33. Kb2 bxa3+ 34. Rxa3 Rxa3 35. Kxa3 gxf3 36. gxf3 Kf6 37. Kb4 Kg5 38. Nd5 Bxd5 39. exd5 f5 40. Kb5 e4 41. Kc6 exf3 42. Kxd6 f2 43. Kc7 f1Q 44. d6 Qc4+ 45. Kd8 Kf6 46. d7 Ke6 47. Ke8 Qc6 48. Kf8 Qxd7 49. Kg8 Kf6 50. Kh8 Qg7# 0-1

[Event "Titled Tuesday intern op 25th Feb Early"]
[Site "Chess.com INT"]
[Date "2025.02.25"]
[Round "3"]
[White "Mendoza, Rodrigo"]
[Black "Pragnya, HG."]
[Result "1-0"]
[WhiteElo "2140"]
[BlackElo "1998"]
[PlyCount "65"]
[EventDate "2025.02.25"]
[EventType "swiss (blitz)"]
[EventRounds "11"]
[EventCountry "USA"]
[SourceTitle "CB10_2025"]
[SourceDate "2025.03.05"]
[SourceVersion "1"]
[SourceVersionDate "2025.03.05"]
[SourceQuality "1"]

1. d4 Nf6 2. c4 c6 3. Nf3 d5 4. Nc3 g6 5. cxd5 cxd5 6. Bf4 Bg7 7. e3 0-0 8. Bd3 Nc6 9. 0-0 a6 10. Rc1 Bf5 11. Bxf5 gxf5 12. Na4 e6 13. Nc5 Qe7 14. Qa4 b5 15. Qd1 Rfc8 16. a4 Nh5 17. Bg5 f6 18. Bh4 b4 19. Nd2 Qf7 20. Nxe6 Qxe6 21. Qxh5 Na5 22. Bg3 Nc4 23. Nb3 Nxb2 24. Nc5 Qe8 25. Qxf5 Nxa4 26. Qxd5+ Kh8 27. Ne6 Rxc1 28. Rxc1 Rb8 29. Bxb8 Qxb8 30. Qd7 Bh6 31. Rc8+ Qxc8 32. Qxc8+ Bf8 33. Qxf8# 1-0

[Event "Swiss Queens Wed #47"]
[Site "FIDE Online Arena INT"]
[Date "2024.12.18"]
[Round "1"]
[White "Bodnaruk, Anastasia"]
[Black "Pragnya, HG."]
[Result "1-0"]
[WhiteElo "2333"]
[BlackElo "1933"]
[PlyCount "99"]
[EventDate "2024.12.18"]
[EventType "swiss (blitz)"]
[EventRounds "11"]
[EventCountry "NET"]
[SourceTitle "CB52_2024"]
[SourceDate "2024.12.25"]
[SourceVersion "1"]
[SourceVersionDate "2024.12.25"]
[SourceQuality "1"]

1. e4 e5 2. Nf3 Nc6 3. Bb5 a6 4. Ba4 Nf6 5. 0-0 Be7 6. Re1 b5 7. Bb3 d6 8. c3 0-0 9. h3 Nb8 10. d4 Nbd7 11. Nbd2 c6 12. Nf1 Re8 13. Ng3 g6 14. Bh6 Bf8 15. Qd2 Qe7 16. Rad1 Bxh6 17. Qxh6 Qf8 18. Qd2 Nb6 19. dxe5 dxe5 20. Qd6 Be6 21. Qxc6 Bxb3 22. axb3 Re6 23. Qb7 Nfd7 24. Ng5 Rd6 25. Qc7 Rxd1 26. Rxd1 Rc8 27. Qd6 Qxd6 28. Rxd6 h6 29. Nf3 Rb8 30. Nf1 Kf8 31. Ne3 Ke7 32. Rd2 f6 33. Nh4 Rg8 34. b4 Nf8 35. Rd1 Ne6 36. Ra1 Nc7 37. g3 Rd8 38. Nxg6+ Kf7 39. Nh4 Rd2 40. Nhf5 Rxb2 41. Nxh6+ Kg6 42. Nhf5 Rb3 43. Rc1 Na4 44. Ne7+ Kf7 45. N7d5 Nxd5 46. Nxd5 Nb2 47. h4 Nd3 48. Rd1 Nb2 49. Rb1 Na4 50. Rxb3 1-0

[Event "Swiss Queens Wed #46"]
[Site "FIDE Online Arena INT"]
[Date "2024.12.11"]
[Round "5"]
[White "Pragnya, HG."]
[Black "Maltsevskaya, Aleksandra"]
[Result "1-0"]
[WhiteElo "1933"]
[BlackElo "2368"]
[PlyCount "97"]
[EventDate "2024.12.11"]
[EventType "swiss (blitz)"]
[EventRounds "11"]
[EventCountry "NET"]
[SourceTitle "CB51_2024"]
[SourceDate "2024.12.18"]
[SourceVersion "1"]
[SourceVersionDate "2024.12.18"]
[SourceQuality "1"]

1. e4 c6 2. d4 d5 3. e5 Bf5 4. Nf3 e6 5. Be2 c5 6. 0-0 Nc6 7. dxc5 Bxc5 8. c4 Nge7 9. Nc3 0-0 10. Bg5 d4 11. Na4 b6 12. Bd3 Qc7 13. Bxe7 Qxe7 14. a3 a5 15. Re1 Kh8 16. Qc2 Bg4 17. Be4 Rac8 18. b3 Rfd8 19. Qd3 Bxf3 20. Bxf3 Qg5 21. Bxc6 Rxc6 22. Nb2 f5 23. Qf3 Rcc8 24. Nd3 Qe7 25. a4 Bb4 26. Re2 Bc3 27. Rb1 g5 28. Qh5 Rg8 29. f4 Rg6 30. Qf3 Rcg8 31. fxg5 Rxg5 32. Nf4 Rg4 33. g3 Bb4 34. Kh1 Bc5 35. Qc6 Rxf4 36. gxf4 Qh4 37. Rg2 Rxg2 38. Qxg2 d3 39. Qa8+ Kg7 40. Qb7+ Kh6 41. Qf3 Qg4 42. Qxg4 fxg4 43. Rd1 Kg6 44. Rxd3 Kf5 45. Rd6 Bxd6 46. exd6 Kf6 47. Kg2 h5 48. Kg3 Kf7 49. Kh4 1-0

[Event "Swiss Queens Wed #40"]
[Site "FIDE Online Arena INT"]
[Date "2024.10.30"]
[Round "1"]
[White "Kamalidenova, Meruert"]
[Black "Pragnya, HG."]
[Result "1-0"]
[WhiteElo "2378"]
[BlackElo "2002"]
[PlyCount "87"]
[EventDate "2024.10.30"]
[EventType "swiss (blitz)"]
[EventRounds "11"]
[EventCountry "NET"]
[SourceTitle "CB45_2024"]
[Source "ChessBase"]
[SourceDate "2024.11.06"]
[SourceVersion "1"]
[SourceVersionDate "2024.11.06"]
[SourceQuality "1"]

1. e4 c5 2. Nf3 d6 3. d4 cxd4 4. Nxd4 Nf6 5. Nc3 h6 6. f3 a6 7. Be3 e6 8. Qd2 b5 9. g4 Be7 10. h4 Bb7 11. Rg1 Nfd7 12. g5 hxg5 13. hxg5 g6 14. 0-0-0 Nc6 15. Kb1 Nxd4 16. Bxd4 Ne5 17. Qg2 b4 18. Ne2 Qc7 19. f4 Rc8 20. Ng3 Nf3 21. Bxh8 Nxg1 22. Bd3 e5 23. Qxg1 exf4 24. Ne2 f3 25. Nd4 f2 26. Qxf2 Bxg5 27. Bf6 Bxf6 28. Qxf6 Qe7 29. Qh8+ Kd7 30. Qh3+ Ke8 31. Nf3 a5 32. Re1 a4 33. e5 d5 34. Nd4 b3 35. e6 bxc2+ 36. Bxc2 f5 37. Qh8+ Qf8 38. Bxa4+ Ke7 39. Qh7+ Kd6 40. Qd7+ Kc5 41. Nb3+ Kb6 42. e7 Qf7 43. e8Q Rd8 44. Qexd8+ 1-0

[Event "Swiss Queens Wed #40"]
[Site "FIDE Online Arena INT"]
[Date "2024.10.30"]
[Round "6"]
[White "Sovetbekova, Nurai"]
[Black "Pragnya, HG."]
[Result "1-0"]
[WhiteElo "1940"]
[BlackElo "2002"]
[PlyCount "65"]
[EventDate "2024.10.30"]
[EventType "swiss (blitz)"]
[EventRounds "11"]
[EventCountry "NET"]
[SourceTitle "CB45_2024"]
[Source "ChessBase"]
[SourceDate "2024.11.06"]
[SourceVersion "1"]
[SourceVersionDate "2024.11.06"]
[SourceQuality "1"]

1. d4 Nf6 2. c4 g6 3. Nc3 Bg7 4. e4 d6 5. Be2 0-0 6. Be3 e5 7. d5 a5 8. g4 Na6 9. g5 Ne8 10. h4 c6 11. h5 cxd5 12. cxd5 f6 13. hxg6 hxg6 14. gxf6 Qxf6 15. Nf3 Bg4 16. Ng5 Bxe2 17. Qxe2 Nec7 18. Qg4 b5 19. Qh4 Rfb8 20. Rh3 b4 21. Ne2 b3 22. Rf3 Qxf3 23. Nxf3 bxa2 24. Rxa2 Nb4 25. Ra4 Nc2+ 26. Kf1 Nxe3+ 27. fxe3 Rxb2 28. Rc4 Nb5 29. Ng5 Rf8+ 30. Ke1 Rb1+ 31. Kd2 Rf6 32. Rc8+ Rf8 33. Qh7# 1-0

[Event "IND-ch (Women) 50th"]
[Site "Karaikudi"]
[Date "2024.10.07"]
[Round "5"]
[White "Pragnya, HG."]
[Black "Rakshitta, Ravi"]
[Result "0-1"]
[WhiteElo "2002"]
[BlackElo "2322"]
[PlyCount "150"]
[EventDate "2024.10.03"]
[EventType "swiss"]
[EventRounds "11"]
[EventCountry "IND"]
[SourceTitle "CB47_2024"]
[SourceDate "2024.11.20"]
[SourceVersion "1"]
[SourceVersionDate "2024.11.20"]
[SourceQuality "1"]

1. e4 e5 2. Nf3 Nc6 3. Bc4 Nf6 4. d3 Bc5 5. c3 0-0 6. a4 a5 7. Bg5 h6 8. Bh4 Be7 9. Bg3 d6 10. 0-0 g6 11. Re1 Nh5 12. d4 Nxg3 13. hxg3 Bg4 14. Na3 Bf6 15. dxe5 Nxe5 16. Be2 Bxf3 17. gxf3 h5 18. f4 Nd7 19. Bc4 Kg7 20. Qf3 c6 21. Rad1 Qc7 22. Nc2 Nc5 23. e5 dxe5 24. fxe5 Bg5 25. Nd4 Rae8 26. Qe2 Bd8 27. f4 Qe7 28. b3 Rh8 29. Qe3 h4 30. f5 Qc7 31. b4 Nd7 32. f6+ Nxf6 33. exf6+ Bxf6 34. Qf4 Qxf4 35. gxf4 Rxe1+ 36. Rxe1 axb4 37. Nf3 bxc3 38. Bb3 b5 39. axb5 cxb5 40. Rd1 Rc8 41. Rd7 Rc4 42. Ne1 Rxf4 43. Rxf7+ Kh6 44. Kg2 Rg4+ 45. Kf3 Rg3+ 46. Ke2 Bg7 47. Bd5 Rg5 48. Be4 h3 49. Rf3 Rh5 50. Rg3 g5 51. Rd3 g4 52. Rd6+ Kg5 53. Rd5+ Kh4 54. Rxh5+ Kxh5 55. Nd3 Kh4 56. Nf4 b4 57. Kd3 b3 58. Ne2 g3 59. Kc4 b2 60. Kb3 Be5 61. Kc2 Kg5 62. Kb1 Kf6 63. Kc2 g2 64. Kb1 Bd4 65. Kc2 Ke5 66. Bf3 g1Q 67. Nxg1 Bxg1 68. Kb1 Kf4 69. Bd5 Kg3 70. Kc2 Bd4 71. Be4 Kf2 72. Kb1 h2 73. Kc2 Kg1 74. Kb1 h1Q 75. Bxh1 Kxh1 0-1

[Event "Titled Tuesday intern op 27th Aug Early"]
[Site "Chess.com INT"]
[Date "2024.08.27"]
[Round "3"]
[White "Pragnya, HG."]
[Black "Mejia, Giovanni"]
[Result "1-0"]
[WhiteElo "2002"]
[BlackElo "2174"]
[PlyCount "77"]
[EventDate "2024.08.27"]
[EventType "swiss (blitz)"]
[EventRounds "11"]
[EventCountry "USA"]
[SourceTitle "EXT 2025"]
[Source "ChessBase"]
[SourceDate "2024.10.14"]
[SourceVersion "1"]
[SourceVersionDate "2024.10.14"]
[SourceQuality "1"]

1. Nf3 g6 2. g3 Bg7 3. Bg2 Nf6 4. 0-0 d5 5. c4 0-0 6. d3 d4 7. Nbd2 c5 8. a3 a5 9. Ng5 Ra7 10. Nge4 Nxe4 11. Nxe4 b6 12. Rb1 a4 13. Bf4 Bb7 14. h4 e5 15. Bg5 f6 16. Bd2 f5 17. Ng5 Qd6 18. f4 Bxg2 19. Kxg2 Qc6+ 20. Kg1 e4 21. dxe4 fxe4 22. e3 h6 23. Nh3 Re7 24. h5 Qe6 25. Kh2 Qxc4 26. hxg6 Rd8 27. Qg4 Qc2 28. f5 Bf6 29. Qd1 Qd3 30. Nf2 Qb3 31. Qxb3+ axb3 32. Ng4 Kg7 33. exd4 Nd7 34. Bxh6+ Kg8 35. dxc5 bxc5 36. Rbd1 Rde8 37. Rxd7 Bxb2 38. Rxe7 Rxe7 39. f6 1-0

[Event "Titled Tuesday intern op 27th Aug Early"]
[Site "Chess.com INT"]
[Date "2024.08.27"]
[Round "4"]
[White "Pragnya, HG."]
[Black "Pein, Jonathan"]
[Result "1/2-1/2"]
[WhiteElo "2002"]
[BlackElo "2279"]
[PlyCount "82"]
[EventDate "2024.08.27"]
[EventType "swiss (blitz)"]
[EventRounds "11"]
[EventCountry "USA"]
[SourceTitle "EXT 2025"]
[Source "ChessBase"]
[SourceDate "2024.10.14"]
[SourceVersion "1"]
[SourceVersionDate "2024.10.14"]
[SourceQuality "1"]

1. b3 a5 2. Bb2 a4 3. Nf3 e6 4. d4 Nf6 5. g3 b6 6. Bg2 Bb7 7. 0-0 Be7 8. Nbd2 0-0 9. Ne5 Bxg2 10. Kxg2 a3 11. Bc1 d6 12. Nef3 e5 13. dxe5 dxe5 14. Nc4 e4 15. Nd4 Qd5 16. Ne3 Qe5 17. Nc4 Qd5 18. Ne3 Qb7 19. Ndf5 Bb4 20. c4 Nc6 21. Nd5 Rad8 22. Bg5 Nxd5 23. Bxd8 Rxd8 24. cxd5 Ne5 25. Qd4 Bd6 26. Nxd6 cxd6 27. Qxe4 g6 28. Rac1 Qa6 29. Rc7 b5 30. Qh4 Re8 31. Rfc1 b4 32. Re7 Rxe7 33. Qxe7 Qxe2 34. Rc8+ Kg7 35. Qf8+ Kf6 36. Qxd6+ Kf5 37. Rc4 Qf3+ 38. Kg1 Qd1+ 39. Kg2 Qf3+ 40. Kg1 Qd1+ 41. Kg2 Qf3+ 1/2-1/2

[Event "Speed Chess (Women) Play In 3"]
[Site "Chess.com INT"]
[Date "2024.08.15"]
[Round "3"]
[White "Pragnya, HG."]
[Black "Pogorelskikh, Sofia"]
[Result "0-1"]
[WhiteElo "2002"]
[BlackElo "2176"]
[PlyCount "100"]
[EventDate "2024.08.15"]
[EventType "swiss (blitz)"]
[EventRounds "11"]
[EventCountry "USA"]
[SourceTitle "CBM 221 Extra"]
[Source "ChessBase"]
[SourceDate "2024.09.30"]
[SourceVersion "1"]
[SourceVersionDate "2024.09.30"]
[SourceQuality "1"]

1. d4 Nf6 2. Nf3 e6 3. Bg5 Be7 4. Bxf6 Bxf6 5. e4 0-0 6. Bd3 c5 7. e5 Be7 8. c3 cxd4 9. cxd4 d6 10. 0-0 Nc6 11. Nc3 dxe5 12. dxe5 Qa5 13. Qe2 Rd8 14. Qe4 g6 15. a3 Bd7 16. b4 Qc7 17. Rac1 a6 18. Na4 Be8 19. Nc5 Rac8 20. a4 Nxb4 21. Nxe6 Qxc1 22. Nxd8 Qc3 23. Qxb7 Rc7 24. Qb6 Nxd3 25. Nb7 Qc6 26. Qxc6 Bxc6 27. Na5 Bxa4 28. Rb1 Bb5 29. Nd4 Rc5 30. Ndb3 Rxe5 31. h3 Re1+ 32. Rxe1 Nxe1 33. Nd4 Nd3 34. Nb7 Bb4 35. Nxb5 axb5 36. Nd8 Bc3 37. Nc6 b4 38. Nxb4 Bxb4 39. h4 f5 40. g4 fxg4 41. f3 gxf3 42. h5 g5 43. h6 g4 44. Kh2 Bd6+ 45. Kg1 g3 46. Kf1 g2+ 47. Kg1 Bc5+ 48. Kh2 g1Q+ 49. Kh3 Nf2+ 50. Kh4 Qg4# 0-1